| LEADER 00000nam 2200000uu 4500 |
| 001 3857 |
| 003 ULIBM |
| 008 260616s2014||||th 000 0 tha d |
| 020 9781449652777
|
| 060 04 ^aWB102.5^bH865e
|
| 100 1 Howlett,Bernadette
|
| 245 00 ^aEvidence-Based Practice for Health Professionals : An Interprofessional Approach/^cBernadette Howlett,Ellen J. Rogo, Teresa Gabiola Shelton
|
| 260 ^aBurlington :^bJones & Bartlett Learning,^c2014.
|
| 300 ^axviii,394p. :^bill ;^c25cm.
|
| 650 7 Evidence-Based Practice
|
| 650 7 Health Personel
|
| 700 1 Rogo,Ellen J.
|
| 700 1 Shelton,Teresa Gabiola
|
| 999 ^aฮัซวานี
|